000 01042nam0a22002531 4500
001 rc\990794
005 20250622070720.0
035 _a(NLR Aleph) 006158037
090 _a5832999
_c5832999
100 _a20041129d1981 |||y0rusy50 ca
101 0 _arus
102 _aRU
105 _ay |||||||||
200 1 _aИз истории совместной борьбы грузинского и абхазского народов (XIX - начало ХХ в.)
210 _aТбилиси
_cМецниереба
_d1981
215 _a47 с.
_d21
300 _aВ надзаг.: АН ГССР, Ин-т истории, археологии и этнографии им. И.А. Джавахишвили, Абхаз. ин-т яз., лит. и истории им. Д.И. Гулиа
700 1 _aДзидзария
_bГ.А.
_gГеоргий Алексеевич
701 1 _aКачарава
_bЮ.М.
_gЮрий Михайлович
801 0 _aRU
_bNLR
_gpsbo
801 1 _aRU
_bELAR
_2rusmarc
852 _aNLR
_j81-6/7797
942 _cBOOK
980 _aNB